Statistics for Random Knowledge Quiz #57

Click here to take the quiz!

General Stats

  • This quiz has been taken 74 times
  • The average score is 8 of 15

Answer Stats

QuestionAnswer% Correct
To which company did a Coca-Cola employee offer to sell corporate secrets in 2006?Pepsi
88%
What is 1st of April often called?April Fool's Day
78%
What are you afraid of if you suffer from swinophobia?Pigs
75%
How many European capitals does the Danube flow through?4
72%
A Margherita Pizza is topped with tomato, bazil, and what?Mozzarella
66%
What phone company produced the 3310?Nokia
56%
If his name had been correctly translated from Hebrew, whose name would have been Joshua in the English speaking world?Jesus
53%
Finish these lyrics: I should have changed that stupid lock / I should have made you leave your _____Key
52%
Who was the Ancient Greek God of the Sun?Apollo and Helios
50%
What Disney character have both Glen Close and Emma Stone played?Cruella de Vil
48%
In which city can you find the Spanish Steps?Rome
48%
Whose son is called Ptolemy XV, more commonly known as Caesarion?Cleopatra and Julius Caesar
44%
From which country is the German Chocolate Cake originally from?United States
44%
Who wears a hat called toque?A chef
9%
A group of what animal is called an embarrassment?Panda
9%

Score Distribution

Percentile by Number Answered

Percent of People with Each Score

Your Score History

You have not taken this quiz